Primi 15 paesi interessati da Covid-19 - 11 luglio - Statistics

Statistiche generali
  • Questo quiz è stato fatto 2 volte
  • Il punteggio medio è 13 su 25
Statistiche sulle risposte
nazione % Corretto
Brasile
100%
Cile
100%
Cile
100%
India
100%
Italia
100%
Messico
100%
Perù
100%
Regno Unito
100%
Spagna
100%
Stati Uniti
100%
Iran
50%
Pakistan
50%
Russia
50%
Svezia
50%
Turchia
50%
Arabia Saudita
0%
Armenia
0%
Bahrain
0%
Bielorussia
0%
Kuwait
0%
Oman
0%
Panama
0%
Qatar
0%
Singapore
0%
Sudafrica
0%
Nessun quiz corrispondente trovato
Distribuzione punteggi
Percentuale di utenti per punteggio
Percentile per numero di risposta
I tuoi punteggi nel tempo
Non hai fatto questo quiz